Score 0/20 Timer 04:00
0 Plays Today
% Correct
Nemo
96.4%
Vinci
95.9%
Monsters
95.5%
Santa
94.1%
WALL
93.5%
Bug's
86.6%
League
85%
Cast
81.4%
Dog
79%
Hooch
78.9%
% Correct
Christmas
76.9%
Episode
67.4%
Perdition
65.8%
Wild
63.7%
Quest
61.2%
Deep
30.8%
Beach
19%
Kelly's
14.9%
Dirty
11.8%
Camelot
7.5%

Today's Daily Dose

You're not logged in!

Compare scores with friends on all Sporcle quizzes.
OR
Log In

Sporcle TV

Today on Sporcle TV


Watch our educational content, quiz creation guides, and fun videos on Sporcle TV.

Show Comments

Extras

Top Quizzes Today


Score Distribution

Paid Content

Your Account Isn't Verified!

In order to create a playlist on Sporcle, you need to verify the email address you used during registration. Go to your Sporcle Settings to finish the process.

Report this User

Report this user for behavior that violates our Community Guidelines.

Details: